00707cam a22002171 4500001001300000003000400013005001700017008004100034010001700075025001900092035002000111040002700131050001700158100002400175245013800199260007500337300001900412500001600431650002500447999001700472sa 63003950 DLC20260227111945.0940715s1962 ii 000 0 pano  asa 63003950  aPL480:I-Pu-187 a(OCoLC)30774257 aDLCcCUdCUdNSyUdDLC00aPK2656b.S530 aAwatāra Siṅgha.10aWassadā Pañjāba;bPañjābī bolīāṃ, bhaṅgaṛā te philamī loka gīta,ckartā Avatāra Siṅgha 'Pradesī.' aAmmritasara,bBhāī Jawāhara Siṅgha Kripāla Siṅghac[1962?] a112 p.c19 cm. aIn Panjabi. 0aFolk songs, Panjabi. c55380d55380